| 000 | 00621nam a22001697a 4500 | ||
|---|---|---|---|
| 003 | OSt | ||
| 005 | 20260319101700.0 | ||
| 008 | 260319b |||||||| |||| 00| 0 eng d | ||
| 040 | _cMRSPTU | ||
| 041 | _aEnglish | ||
| 100 | _aPratham Gautam, Supervisor: Dr. Varinder Singh | ||
| 245 | _aInvestigating the Neuroprotective Effects of Phenolic Compounds against Lead Induced Neurotoxicity in Rats through TFEB Pathway | ||
| 260 |
_bDepartment of Pharmacy, MRSPTU, Bathinda _c2025 |
||
| 650 | _aPharmaceutical Sciences and Technology | ||
| 856 | _uhttp://163.47.215.52:8080/jspui/handle/123456789/957 | ||
| 942 |
_2ddc _cTH _n0 |
||
| 999 |
_c11193 _d11193 |
||